01473nam a2200325Ia 450000500170000000800410001702000150005808200220007310000400009524500870013525000180022230000400024049000250028050000440030550000210034958600410037060000590041165000420047065000450051294200120055726400300056933600270059933700330062633800280065904000350068799900150072295201390073795201340087695201370101020220317000802.0160601s2005 ck g 000 0 spa  a958633231404a920.7109861bZ16l1 aZapata Olivella, Manuel,d1920-200410a¡Levántate mulato!bpor mi raza hablará el espíritucManuel Zapata Olivella a1a. edición a355 páginasbilustracionesc20 cm aLetras americanasv1 aIncluye vocabulario : páginas 351-355 aIncluye índice aPremio a los Nuevos Derechos Humanos14aZapata Olivella, Manuel,d1920-2004vBiografias955121142LEMBaAutores colombianosvBiografias142LEMBaEscritores colombianosvBiografias 2ddccBK aBogotábRei Andesc2005 atextobtxt2rdacontent asin mediaciónbn2rdamedia avolumenbnc2rdacarrier aCO-BoRNBPbspaerdacCO-BoRNBP c5045d5045 00102ddc40708GENaMEMAPIRIbMEMAPIRIcGENd2024-01-10l0o920.7109861 Z16lpMAP00001554r2024-01-10 16:21:11tEj.1w2024-01-10yBK 00102ddc40708GENaMEURIBEbMEURIBEcGENd2024-08-20l0o920.7109861 Z16lpURI01214r2024-08-20 15:28:13tEj.1w2024-08-20yBK 00102lcc40708GENaMEPCONCObMEPCONCOcGENd2026-03-04l0o920.7109861 Z16lpPCON02510r2026-03-04 19:26:13tEj.1w2026-03-04yBK